[Event "Jakarta Peduli"]
[Site "Jakarta"]
[Date "2020.03.31"]
[Round "10"]
[White "Febriana, Nita Nurmala"]
[Black "Mutiani, Rida"]
[Result "1/2-1/2"]
[WhiteElo "1857"]
[BlackElo "1808"]
[PlyCount "80"]
[EventDate "2020.03.28"]
[EventType "tourn"]
[EventRounds "10"]
[EventCountry "INA"]
[SourceTitle "CBM 195 Extra"]
[Source "ChessBase"]
[SourceDate "2020.05.31"]
[SourceVersion "1"]
[SourceVersionDate "2020.05.31"]
[SourceQuality "1"]

1. e4 Nf6 2. e5 Nd5 3. d4 d6 4. c4 Nb6 5. exd6 exd6 6. Nf3 Nc6 7. h3 Be7 8. Be2 Bf6 9. Nc3 0-0 10. 0-0 d5 11. c5 Nc4 12. b3 N4a5 13. Be3 b6 14. cxb6 axb6 15. Rc1 Ba6 16. Bxa6 Rxa6 17. Nb5 Qd7 18. Qd2 Rc8 19. Nh2 Ne7 20. Qd3 c6 21. Nc3 Raa8 22. Ng4 Qd6 23. Na4 Rcb8 24. Nxf6+ Qxf6 25. Rc2 Ng6 26. Re1 h6 27. Qd2 Nh4 28. Bf4 Rb7 29. Bg3 Nf5 30. Be5 Qg6 31. Rc3 Nc4 32. Qd3 Nxe5 33. Rxe5 Nh4 34. Qxg6 Nxg6 35. Re2 Nf4 36. Rd2 b5 37. Nc5 Rc7 38. Re3 Rca7 39. a4 bxa4 40. bxa4 Rb8 1/2-1/2

[Event "Jakarta Peduli"]
[Site "Jakarta"]
[Date "2020.03.29"]
[Round "4"]
[White "Agustina, Surintha Wahyu"]
[Black "Mutiani, Rida"]
[Result "0-1"]
[WhiteElo "2021"]
[BlackElo "1808"]
[PlyCount "106"]
[EventDate "2020.03.28"]
[EventType "tourn"]
[EventRounds "10"]
[EventCountry "INA"]
[SourceTitle "CBM 195 Extra"]
[Source "ChessBase"]
[SourceDate "2020.05.31"]
[SourceVersion "1"]
[SourceVersionDate "2020.05.31"]
[SourceQuality "1"]

1. d4 Nf6 2. c4 e6 3. Nf3 d5 4. Bg5 Be7 5. e3 0-0 6. Bd3 Nc6 7. 0-0 Nb4 8. Be2 Ne4 9. Bxe7 Qxe7 10. Nc3 Nxc3 11. bxc3 Nc6 12. Qb3 dxc4 13. Qxc4 Rd8 14. Rad1 Na5 15. Qb5 b6 16. Ne5 Bb7 17. f4 Qa3 18. Qd3 f6 19. Ng4 f5 20. Ne5 Be4 21. Qd2 c5 22. Rc1 Rac8 23. Bf3 Bxf3 24. Rxf3 cxd4 25. exd4 Nc4 26. Nxc4 Rxc4 27. Re1 Rc6 28. Rfe3 Rdc8 29. d5 Rd6 30. Rxe6 Qc5+ 31. Kh1 Rxd5 32. Qe2 h6 33. Re8+ Rxe8 34. Qxe8+ Kh7 35. h4 Qf2 36. h5 Rd6 37. Qe5 Rf6 38. Qe8 Qxf4 39. Re6 Rxe6 40. Qxe6 Qh4+ 41. Kg1 Qxh5 42. Qd7 a5 43. Qd4 Qg6 44. Kf2 Qe6 45. a4 g5 46. c4 Qc6 47. Qd5 Qxd5 48. cxd5 Kg7 49. Ke3 Kf6 50. Kd4 h5 51. Kc4 Ke5 52. Kb5 Kxd5 53. Kxb6 h4 0-1

[Event "Jakarta Peduli"]
[Site "Jakarta"]
[Date "2020.03.29"]
[Round "3"]
[White "Mutiani, Rida"]
[Black "Watman, Wardjowidjaja"]
[Result "1-0"]
[WhiteElo "1808"]
[BlackElo "1675"]
[PlyCount "95"]
[EventDate "2020.03.28"]
[EventType "tourn"]
[EventRounds "10"]
[EventCountry "INA"]
[SourceTitle "CBM 195 Extra"]
[Source "ChessBase"]
[SourceDate "2020.05.31"]
[SourceVersion "1"]
[SourceVersionDate "2020.05.31"]
[SourceQuality "1"]

1. e4 c5 2. c3 Nf6 3. e5 Nd5 4. d4 cxd4 5. cxd4 Nc6 6. Nc3 Nxc3 7. bxc3 d5 8. Bd3 e6 9. Nf3 Be7 10. 0-0 Bd7 11. Rb1 Qc7 12. Be3 Na5 13. Qe2 b6 14. Bd2 Rc8 15. h3 Nc4 16. Be1 0-0 17. Nh2 Qd8 18. f4 g6 19. g4 Bh4 20. g5 Bxe1 21. Qxe1 Kh8 22. Ng4 Rg8 23. Nf6 Rg7 24. h4 Be8 25. h5 Qe7 26. Bxc4 Rxc4 27. h6 Rg8 28. Nxg8 Kxg8 29. Rf3 Qa3 30. Qd2 Ra4 31. Rf2 Rc4 32. Rb3 Qa5 33. Rb4 Rc8 34. Qb2 Qa6 35. Rd2 Kf8 36. Rb3 Ke7 37. Ra3 Qc4 38. Rxa7+ Bd7 39. Qa3+ Ke8 40. Qd6 Qc6 41. Rb2 Qxd6 42. exd6 Rxc3 43. Rxb6 Rc6 44. Rb8+ Rc8 45. Rxc8+ Bxc8 46. d7+ Bxd7 47. Ra8+ Ke7 48. Rh8 1-0